Sports Quiz

Random Sports Quiz

15 Points, 5 Assists, 5 Steals, and 3 Blocks In One Game Quiz Stats

 Plays Quiz not verified by Sporcle

Score 0/16 Timer 05:00
0 Plays Today
Points, Assists, Steals, Blocks Player % Correct
32,8,5,3Dwyane Wade
98.9%
32,6,5,3Dwyane Wade
98.9%
29,6,5,3Dwyane Wade
98.9%
20,11,6,4Andrei Kirilenko
67.4%
19,7,8,5Andrei Kirilenko
67.4%
28,6,5,3Chris Webber
65.2%
25,5,5,3Shawn Marion
64.1%
18,6,5,4Josh Smith
64.1%
Points, Assists, Steals, Blocks Player % Correct
21,7,5,3Andre Iguodala
63%
19,15,5,3Baron Davis
48.9%
22,5,5,4Jerry Stackhouse
37%
20,5,5,3Nene Hilario
37%
16,5,5,3Kenyon Martin
35.9%
20,6,5,3Metta World Peace
33.7%
15,5,5,3Troy Murphy
18.5%
32,5,5,3Darius Miles
13%

You're not logged in!

Compare scores with friends on all Sporcle quizzes.
OR
Log In

Show Comments

Extras

Top Quizzes Today


Score Distribution

Your Account Isn't Verified!

In order to create a playlist on Sporcle, you need to verify the email address you used during registration. Go to your Sporcle Settings to finish the process.

Report this User

Report this user for behavior that violates our Community Guidelines.

Details: